000 00654nam a2200229Ia 4500
003 OSt
005 20220923225709.0
006 a|||||r|||| 00| 0
007 ta
008 220922b |||||||| |||| 00| 0 snd d
024 _a273,728
037 _cTextual
040 _aARTS
_cARTS
_bsnd
041 _2snd
_asnd
082 _aO1593,6x, K8
100 _aसदारंगाणी, हरू, खादिम
_9159191
245 0 _aकख ऐं काना
246 _aKakh aian kānā
260 _c1968
942 _hO1593,6x, K8
_cTEXL
_2CC
999 _c379873
_d379873